|
|
|
|
| LEADER |
01649nam a22003853i 4500 |
| 001 |
EBC30406535 |
| 003 |
MiAaPQ |
| 005 |
20231204023230.0 |
| 006 |
m o d | |
| 007 |
cr cnu|||||||| |
| 008 |
231204s2020 xx o ||||0 eng d |
| 020 |
|
|
|a 9789048533329
|q (electronic bk.)
|
| 020 |
|
|
|z 9789462983359
|
| 035 |
|
|
|a (MiAaPQ)EBC30406535
|
| 035 |
|
|
|a (Au-PeEL)EBL30406535
|
| 035 |
|
|
|a (OCoLC)1258394502
|
| 040 |
|
|
|a MiAaPQ
|b eng
|e rda
|e pn
|c MiAaPQ
|d MiAaPQ
|
| 082 |
0 |
|
|a 362.109440902
|
| 100 |
1 |
|
|a Pfau, Aleksandra Nicole.
|
| 245 |
1 |
0 |
|a Medieval Communities and the Mad :
|b Narratives of Crime and Mental Illness in Late Medieval France.
|
| 250 |
|
|
|a 1st ed.
|
| 264 |
|
1 |
|a Amsterdam :
|b Amsterdam University Press,
|c 2020.
|
| 264 |
|
4 |
|c Ã2020.
|
| 300 |
|
|
|a 1 online resource (203 pages)
|
| 336 |
|
|
|a text
|b txt
|2 rdacontent
|
| 337 |
|
|
|a computer
|b c
|2 rdamedia
|
| 338 |
|
|
|a online resource
|b cr
|2 rdacarrier
|
| 490 |
1 |
|
|a Premodern Health, Disease, and Disability Series
|
| 588 |
|
|
|a Description based on publisher supplied metadata and other sources.
|
| 590 |
|
|
|a Electronic reproduction. Ann Arbor, Michigan : ProQuest Ebook Central, 2023. Available via World Wide Web. Access may be limited to ProQuest Ebook Central affiliated libraries.
|
| 655 |
|
4 |
|a Electronic books.
|
| 776 |
0 |
8 |
|i Print version:
|a Pfau, Aleksandra Nicole
|t Medieval Communities and the Mad
|d Amsterdam : Amsterdam University Press,c2020
|z 9789462983359
|
| 797 |
2 |
|
|a ProQuest (Firm)
|
| 830 |
|
0 |
|a Premodern Health, Disease, and Disability Series
|
| 856 |
4 |
0 |
|u https://ebookcentral.proquest.com/lib/matrademy/detail.action?docID=30406535
|z Click to View
|